[Event "Lvov Tradition IM-B 04"]
[Site "Lvov"]
[Date "2016.04.29"]
[Round "8"]
[White "Sevostianov, Pavel"]
[Black "Sliwicka, Alicja"]
[Result "1-0"]
[WhiteElo "2267"]
[BlackElo "2084"]
[PlyCount "117"]
[EventDate "2016.04.25"]
[EventType "tourn"]
[EventRounds "9"]
[EventCountry "UKR"]
[EventCategory "1"]
[SourceTitle "CBM 172 Extra"]
[Source "ChessBase"]
[SourceDate "2016.06.21"]
[SourceVersion "1"]
[SourceVersionDate "2016.06.21"]
[SourceQuality "1"]

1. d4 Nf6 2. Nf3 g6 3. Bg5 Bg7 4. Nbd2 c5 5. dxc5 Qa5 6. c3 Qxc5 7. e4 d5 8. Nb3 Qc6 9. Bxf6 Qxf6 10. Bb5+ Bd7 11. Bxd7+ Nxd7 12. Qxd5 Qa6 13. Qxd7+ Kxd7 14. Nc5+ Kc7 15. Nxa6+ bxa6 16. 0-0-0 Rab8 17. Kc2 Rb6 18. Rd3 Rhb8 19. b3 h6 20. Rhd1 Re6 21. Nd2 Rd8 22. Rxd8 Kxd8 23. Nc4+ Kc7 24. f3 h5 25. Rd5 f6 26. Kd3 Bh6 27. g3 Rc6 28. f4 e6 29. Ra5 Bf8 30. b4 Kb7 31. f5 exf5 32. exf5 g5 33. Rd5 Kc7 34. h3 Bh6 35. a4 Kc8 36. b5 axb5 37. axb5 Rc7 38. Nd6+ Kb8 39. Ne8 Re7 40. Nxf6 g4 41. hxg4 Re3+ 42. Kc4 Rxg3 43. gxh5 Kc8 44. Ne4 Rg4 45. Kd3 Rh4 46. f6 Rh3+ 47. Kc4 Rh4 48. Kd4 Bf8 49. Rg5 Kd7 50. Rg8 Ke8 51. Rh8 Kf7 52. Kd5 Rh1 53. Ke5 Rb1 54. Ng5+ Ke8 55. Ne6 Rxb5+ 56. Kd4 Kf7 57. Nxf8 Kxf6 58. Rh7 a5 59. Nd7+ 1-0

[Event "Lvov Tradition IM-B 04"]
[Site "Lvov"]
[Date "2016.04.26"]
[Round "3"]
[White "Wisniewski, Michal"]
[Black "Sevostianov, Pavel"]
[Result "1/2-1/2"]
[WhiteElo "2236"]
[BlackElo "2267"]
[PlyCount "192"]
[EventDate "2016.04.25"]
[EventType "tourn"]
[EventRounds "9"]
[EventCountry "UKR"]
[EventCategory "1"]
[SourceTitle "CBM 172 Extra"]
[Source "ChessBase"]
[SourceDate "2016.06.21"]
[SourceVersion "1"]
[SourceVersionDate "2016.06.21"]
[SourceQuality "1"]

1. e4 Nf6 2. e5 Nd5 3. d4 Nb6 4. Nf3 d5 5. exd6 cxd6 6. c4 g6 7. Be3 Bg7 8. Nc3 0-0 9. Bd3 Nc6 10. h3 e5 11. dxe5 dxe5 12. Be2 Nd4 13. Bxd4 exd4 14. Nb5 d3 15. Qxd3 Qe7 16. Nbd4 Qb4+ 17. Qc3 Qxc3+ 18. bxc3 Na4 19. Rc1 b6 20. 0-0 Bb7 21. Nb5 Rfd8 22. Rfd1 a6 23. Rxd8+ Rxd8 24. Nbd4 Bf8 25. Bf1 Ba3 26. Rc2 Bb2 27. Nb3 Bxc3 28. c5 b5 29. Rc1 Kg7 30. Be2 Bb2 31. Rc2 Bc3 32. Rc1 Rc8 33. Kf1 Bb2 34. Rc2 Be4 35. Rd2 Bf6 36. Rd6 Nxc5 37. Nfd2 Bb7 38. Bf3 Bxf3 39. gxf3 Be7 40. Rb6 Rd8 41. Rc6 Nxb3 42. Nxb3 Rd6 43. Rc7 Bf6 44. Nc5 Be5 45. Re7 Bd4 46. Ne4 Rc6 47. Rd7 Be5 48. Re7 Bf4 49. Ra7 g5 50. Kg2 Kg6 51. Ng3 h5 52. Ne2 Be5 53. f4 Bxf4 54. Nxf4+ gxf4 55. Kh2 h4 56. Kg2 f6 57. Ra8 f3+ 58. Kxf3 Rc3+ 59. Kg4 Rc4+ 60. f4 f5+ 61. Kxh4 Rxf4+ 62. Kg3 Ra4 63. Rg8+ Kf7 64. Rb8 Rxa2 65. Kf4 Rf2+ 66. Kg5 f4 67. Rb6 f3 68. Kg4 Ra2 69. Kxf3 Ra4 70. h4 b4 71. h5 a5 72. h6 Kg8 73. Rb7 Ra3+ 74. Kg4 Ra1 75. h7+ Kh8 76. Kg5 Rc1 77. Kg6 Rc6+ 78. Kg5 Ra6 79. Kf4 Rh6 80. Kg5 Rc6 81. Kf5 Rc5+ 82. Kg6 Rc8 83. Rb5 Ra8 84. Rb7 Ra6+ 85. Kf5 a4 86. Rxb4 a3 87. Rb1 a2 88. Ra1 Ra4 89. Ke5 Kxh7 90. Kd5 Kg6 91. Kc5 Kf5 92. Kb5 Ra8 93. Kb4 Ke5 94. Kb3 Kd4 95. Rxa2 Rxa2 96. Kxa2 Ke5 1/2-1/2

[Event "Lvov Tradition IM-B 04"]
[Site "Lvov"]
[Date "2016.04.25"]
[Round "1"]
[White "Sevostianov, Pavel"]
[Black "Golubka, Petr"]
[Result "1/2-1/2"]
[WhiteElo "2267"]
[BlackElo "2393"]
[PlyCount "72"]
[EventDate "2016.04.25"]
[EventType "tourn"]
[EventRounds "9"]
[EventCountry "UKR"]
[EventCategory "1"]
[SourceTitle "CBM 172 Extra"]
[Source "ChessBase"]
[SourceDate "2016.06.21"]
[SourceVersion "1"]
[SourceVersionDate "2016.06.21"]
[SourceQuality "1"]

1. Nf3 Nf6 2. g3 b6 3. c4 e6 4. Bg2 Bb7 5. 0-0 Be7 6. b3 0-0 7. Bb2 Ne4 8. d3 Bf6 9. Qc2 Bxb2 10. Qxb2 Nf6 11. Nbd2 d5 12. Rac1 Nbd7 13. Rfd1 c5 14. d4 Qe7 15. cxd5 exd5 16. e3 Rfd8 17. Qa3 Kf8 18. Nb1 Ne4 19. dxc5 Ndxc5 20. Nd4 a5 21. Rc2 Rac8 22. Nc3 Nxc3 23. Rxc3 Qf6 24. Bh3 Rc7 25. Qb2 Kg8 26. Bg2 Rdc8 27. Rdc1 Ne6 28. Nb5 Rxc3 29. Rxc3 Rxc3 30. Qxc3 Qxc3 31. Nxc3 d4 32. exd4 Bxg2 33. Kxg2 Nxd4 34. f4 f6 35. Nd5 b5 36. Kf2 Kf7 1/2-1/2

[Event "Lvov Tradition 02"]
[Site "Lvov"]
[Date "2016.02.26"]
[Round "6"]
[White "Kryvoruchko, Vita"]
[Black "Sevostianov, Pavel"]
[Result "0-1"]
[WhiteElo "2200"]
[BlackElo "2270"]
[PlyCount "54"]
[EventDate "2016.02.23"]
[EventType "tourn"]
[EventRounds "9"]
[EventCountry "UKR"]
[EventCategory "1"]
[SourceTitle "CBM 171 Extra"]
[Source "ChessBase"]
[SourceDate "2016.04.26"]
[SourceVersion "1"]
[SourceVersionDate "2016.04.26"]
[SourceQuality "1"]

1. e4 Nf6 2. e5 Nd5 3. d4 Nb6 4. Nf3 d6 5. Be2 g6 6. 0-0 Bg7 7. exd6 cxd6 8. c4 0-0 9. Nc3 Nc6 10. d5 Na5 11. Nd2 Bd7 12. Bd3 Rc8 13. Qe2 Re8 14. Nce4 Qc7 15. h4 Naxc4 16. Nxc4 Nxc4 17. h5 Ne5 18. hxg6 hxg6 19. Ng5 Qc5 20. Be4 Bb5 21. Qd2 Bxf1 22. Qf4 Bf6 23. Nxf7 Kxf7 24. Be3 Qc4 25. Rxf1 Qe2 26. Bd4 Rc4 27. Be3 Qg4 0-1